Sealab 2021. Season one.

The crew of Sealab, charged with exploring the possibility of underwater colonization, find themselves in one ridiculous situation after another.

Bibliographic Details
Uniform Title:Sealab 2021 (Television program).
Corporate Authors: Cartoon Network (Television network), Adult Swim (Firm), Warner Home Video (Firm)
Other Authors: Reed, Adam (Adam Brooks), Thompson, Matt
Format: Video DVD
Language:English
Language Notes:Closed captioned for the hearing impaired.
Published: Burbank, CA : Warner Home Video, 2004.
Subjects:

MARC

Tag First Indicator Second Indicator Subfields
LEADER 00000cgm a2200000Ia 4500
001 in00002783587
005 20150922151738.0
007 vd cvaizs
008 040802p20042001cau150 vaeng d
020 |a 9780780647251 
020 |a 0780647254 
024 1 |a 053939676228 
028 4 2 |a t6762 
035 |a (OCoLC)ocm56070063 
035 |a (OCoLC)56070063 
040 |a IHG  |c IHG  |d SRB  |d BTCTA  |d RCS  |d UX0  |d OCLCQ  |d SINLB  |d DPL  |d ORX  |d UtOrBLW 
049 |a TXAM 
050 4 |a PN1992.77.S365  |b S365 2004v 
090 |a PN1992.77.S385  |b S43 2004 
092 0 |a 791.45/72  |2 22 
130 1 |a Sealab 2021 (Television program).  |n Season 1. 
245 1 0 |a Sealab 2021.  |n Season one. 
246 3 |a Sealab 2021.  |n Season 1 
264 1 |a Burbank, CA :  |b Warner Home Video,  |c 2004. 
300 |a 2 videodiscs (150 min.) :  |b sound, color ;  |c 4 3/4 in. 
336 |a two-dimensional moving image  |b tdi  |2 rdacontent 
337 |a video  |b v  |2 rdamedia 
338 |a videodisc  |b vd  |2 rdacarrier 
538 |a DVD; region 1; Dolby 2.0 stereo. 
546 |a Closed captioned for the hearing impaired. 
500 |a Title from container. 
500 |a Originally produced as thirteen episodes of the 2001-2004 animated television series shown on the Cartoon Network's Adult Swim. 
500 |a Based on Sealab 2020, the 1972 animated series and manipulated with added humorous, adult content. 
500 |a Created by Adam Reed, Matt Thompson. 
521 8 |a MPAA rating: Not rated ; "Some Adult Swim content may not be recommended for viewers younger than age 14"--Container. 
520 |a The crew of Sealab, charged with exploring the possibility of underwater colonization, find themselves in one ridiculous situation after another. 
505 0 |a I, robot -- Happycake -- Radio free Sealab -- Chickmate -- Lost in time -- Predator -- Little orphan angry -- Waking Quinn -- All that jazz -- Murphy Murph and the feng shui bunch -- In the closet -- Stimutacs -- Swimming in oblivion. 
500 |a Special features: Pitch pilot ; I, robot alternated endings ; Radio free Sealab: uncensored ; Little orphan angry deleted scenes. 
500 |a Videorecording. 
650 0 |a Ocean engineering  |v Drama. 
650 0 |a Underwater exploration  |v Drama. 
650 0 |a Oceanography  |v Drama. 
655 7 |a Animated television programs.  |2 lcgft 
655 7 |a Television comedies.  |2 lcgft 
655 7 |a Fiction television programs.  |2 lcgft 
655 7 |a Video recordings for the hearing impaired.  |2 lcgft 
700 1 |a Reed, Adam  |q (Adam Brooks) 
700 1 |a Thompson, Matt. 
710 2 |a Cartoon Network (Television network) 
710 2 |a Adult Swim (Firm) 
710 2 |a Warner Home Video (Firm) 
994 |a C0  |b TXA 
948 |a cataloged  |b h  |c 2012/12/4  |d c  |e blrosas  |f 12:30:40 pm 
999 |a MARS 
999 f f |s e2403d79-8b51-3456-b770-cd7b27db1f72  |i 2162a54f-81ea-3d28-b868-01e7c3a39baf  |t 0 
952 f f |p dvd  |a Texas A&M University  |b College Station  |c Sterling C. Evans Library  |d Evans: Media and Reserves (Annex 1st floor)  |t 0  |e PN1992.77.S385 S43 2004  |h Library of Congress classification  |i video -- videodisc  |m A14841626684 
998 f f |a PN1992.77.S385 S43 2004  |t 0  |l Evans: Media and Reserves (Annex 1st floor)